Posudzovanie a preukazovanie zhody

Enregistré dans:
Détails bibliographiques
Auteur principal: Košútová, Tatiana, 1962-
Autres auteurs: Košút, Miroslav
Format: Chapitre de livre
Langue:slovaque
Tags: Ajouter un tag
Pas de tags, Soyez le premier à ajouter un tag!

MARC

LEADER 00000naa$a2200000$$$4500
001 0061683
005 20240502071708.1
041 0 |a slo 
044 |a SK 
245 1 0 |a Posudzovanie a preukazovanie zhody  |c Tatiana Košútová, Miroslav Košút 
100 1 |a Košútová, Tatiana, 1962- 
700 1 |a Košút, Miroslav